Welcome to CU Library Online Public Access Catalogue (OPAC)

Freedom for the thought that we hate (Record no. 5638)

MARC details
000 -LEADER
fixed length control field 00461nam a22001577a 4500
005 - DATE AND TIME OF LATEST TRANSACTION
control field 20250505133056.0
008 - FIXED-LENGTH DATA ELEMENTS--GENERAL INFORMATION
fixed length control field 250505b |||||||| |||| 00| 0 eng d
020 ## - INTERNATIONAL STANDARD BOOK NUMBER
International Standard Book Number 9780465018192
050 ## - LIBRARY OF CONGRESS CALL NUMBER
Classification number KF4770
Item number .L49 2007
100 ## - MAIN ENTRY--PERSONAL NAME
Personal name Lewis,Anthony
245 ## - TITLE STATEMENT
Title Freedom for the thought that we hate
Remainder of title A biography of the first Amendment
Statement of responsibility, etc. Lewis,Anthony
260 ## - PUBLICATION, DISTRIBUTION, ETC.
Place of publication, distribution, etc. New York
Name of publisher, distributor, etc. Basic Books
Date of publication, distribution, etc. c2007
300 ## - PHYSICAL DESCRIPTION
Extent xv,221p;
500 ## - GENERAL NOTE
General note Includes index
942 ## - ADDED ENTRY ELEMENTS (KOHA)
Source of classification or shelving scheme Library of Congress Classification
Koha item type Books
Suppress in OPAC No
999 ## -
-- 5638
-- 5638
Holdings
Withdrawn status Lost status Source of classification or shelving scheme Damaged status Not for loan Collection Home library Current library Shelving location Date acquired Total checkouts Full call number Barcode Date last seen Price effective from Koha item type
    Library of Congress Classification     Non-fiction Law Library (Kumasi) Law Library (Kumasi) General stacks 05/05/2025   KF4770.L49 Lew LLK00000117 05/05/2025 05/05/2025 Books
© 2023-2024 Copyright: Central University Libraries. All Rights Reserved | Created by: Mahone Tech Office